What is nature? : culture, politics and the non-human

Αποθηκεύτηκε σε:
Λεπτομέρειες βιβλιογραφικής εγγραφής
Κύριος συγγραφέας: Soper, Kate
Μορφή: Βιβλίο
Γλώσσα:English
Δημοσίευση: Oxford : Blackwell, 1995
Θέματα:
Ετικέτες: Προσθήκη ετικέτας
Δεν υπάρχουν, Καταχωρήστε ετικέτα πρώτοι!

MARC

LEADER 00000nam a2200000 i 4500
001 1/10164
008 970520s1995 eng d
020 |a 0-631-18891-6 
035 |l 10017754 
040 |a GR-MY-UA  |b gre  |e aacr 
041 0 |a eng 
082 0 |a 113 
100 1 |a Soper, Kate. 
245 1 0 |a What is nature? :  |b culture, politics and the non-human /  |c Kate Soper 
260 |a Oxford :   |b Blackwell,   |c 1995 
300 |a 289 p. 
504 |a Includes index 
650 0 0 |a Philosophy of nature. 
650 0 0 |a Nature and nurture. 
650 0 0 |a Environmental ethics. 
852 |a INST  |b LESVOS  |e 19970520  |h 113 SOP  |p 005100011226  |q 005100011226  |t BK  |y 0 
909 |a Λ  |b 049648